| 000 | 01063cam a22003257a 4500 | ||
|---|---|---|---|
| 003 | CHAP | ||
| 005 | 20220329134520.0 | ||
| 008 | 971013c19611957 r 00010 d | ||
| 010 | _a21448 | ||
| 011 | _a22420 | ||
| 035 | _a26515 | ||
| 040 | _cCHAP | ||
| 082 |
_a631.47 _bC53 1957 |
||
| 100 | 0 | 0 |
_aClarke, G. R. _923650 |
| 245 | 1 | 4 | _aThe study of the soil in the field |
| 250 | _a4 ed. | ||
| 260 |
_aOxford : _bClarendo Press, _c1961 (c.1957) |
||
| 300 |
_a204 p. _b: ilus. |
||
| 590 |
_aBATCH-UPD _b10 _c20130110 _lUCH01 _h1513 |
||
| 590 |
_aBATCH-UPD _b10 _c20130410 _lUCH01 _h0929 |
||
| 590 |
_aBATCH-UPD _b10 _c20130914 _lUCH01 _h0946 |
||
| 590 |
_aCONVERSION _b10 _c20130109 _lUCH01 _h1313 |
||
| 650 | 1 | 4 |
_aSuelos. _9110191 |
| 650 | 1 | 4 |
_aSuelos _xTopografĂa. _9110495 |
| 901 | _aBK | ||
| 942 | _cLIBRO | ||
| 949 |
_a631.47 C53 1957 _bBC _cLIBRO _d33724000078036 _eLIBRO _fc.2 _h21603 _i26515 _si |
||
| 949 |
_a631.47 C53 1957 _bBC _cLIBRO _d33724000078044 _eLIBRO _h21602 _i26515 _si |
||
| 949 |
_a631.47 C53 1957 _bBC _cLIBRO _d33724000078051 _eLIBRO _fc.3 _h21604 _i26515 _si |
||
| 999 |
_c21448 _d21448 |
||